Największe Kraje Afrykańskie - Statystyki

Ogólne statystyki
  • Ten quiz został rozwiązany 42 razy
  • Średni wynik to 25 z 30
Statystyki odpowiedzi
Hint Odpowiedź % Poprawnych
9 Republika Południowej Afryki
100%
2 Demokratyczna Republika Konga
97%
25 Maroko
97%
1 Algieria
94%
11 Egipt
94%
6 Niger
94%
14 Nigeria
94%
18 Somalia
94%
3 Sudan
94%
5 Czad
91%
7 Angola
88%
10 Etiopia
88%
4 Libia
88%
20 Madagaskar
88%
12 Mauretania
85%
17 Zambia
85%
22 Kenia
82%
8 Mali
82%
15 Namibia
82%
13 Tanzania
82%
19 Sudan Południowy
79%
26 Zimbabwe
79%
16 Mozambik
76%
27 Wybrzeże Kości Słoniowej
76%
21 Botswana
74%
29 Ghana
71%
24 Kamerun
68%
30 Uganda
65%
28 Gwinea
47%
23 Republika Środkowej Afryki
18%
Nie znaleziono quizów pasujących do podanych kryteriów
Rozkład punktacji
Procent ludzi z każdym wynikiem
Percentyl według liczby udzielonych odpowiedzi
Twoja historia wyników
Nie rozwiązałeś tego quizu